| 000 | 01164nam a22003257a 4500 | ||
|---|---|---|---|
| 003 | CHAP | ||
| 005 | 20220329140453.0 | ||
| 008 | 971013s1956 r 00010 d | ||
| 010 | _a52452 | ||
| 011 | _a53424 | ||
| 035 | _a57574 | ||
| 040 | _cCHAP | ||
| 090 | _aTesis | ||
| 100 | 0 | 0 |
_aRosa Mecot, Tito de la. _999844 |
| 245 | _aGusano telarañera o enrollador mexicano de la hoja (Amorbia emigratella Busk). plaga del algodonero en le Valle de Culiacán, Sin | ||
| 260 |
_aChapingo, Méx. : _bEl autor, _c1956 |
||
| 300 |
_a44 h. _b: ilus. |
||
| 502 | _aTesis (Ing. Agr. Esp. en Parasitología) -- ENA. Departamento de Parasitología Agrícola | ||
| 590 |
_aALEPH _b10 _c20130110 _lUCH01 _h1329 |
||
| 590 |
_aBATCH-UPD _b10 _c20130110 _lUCH01 _h0644 |
||
| 590 |
_aBATCH-UPD _b10 _c20130410 _lUCH01 _h0328 |
||
| 590 |
_aBATCH-UPD _b10 _c20130914 _lUCH01 _h1556 |
||
| 590 |
_aCONVERSION _b10 _c20130109 _lUCH01 _h1328 |
||
| 650 | 1 | 4 |
_aGusano telarañero del algodón. _951566 |
| 901 | _aBK | ||
| 942 | _cFOLL | ||
| 949 |
_bBC _cTES _d-125180 _eTS1 _i57574 _si |
||
| 949 |
_bBC _cTES _d-125181 _eTS2 _fc.2 _i57574 _si |
||
| 949 |
_bBC _cTES _d-125182 _eTS2 _fc.3 _h23029 _i57574 _si |
||
| 999 |
_c52452 _d52452 |
||